000 00217nam a22000857a 4500
008 170130b xxu||||| |||| 00| 0 eng d
100 _92640
_aRidout.C.J
245 _aThe Path English-OBR
260 _aNew delhi
_bS.Chand
_c2011
999 _c5785
_d5785